|
|
|
|
| LEADER |
00000nam0a2200000 4500 |
| 001 |
343503 |
| 005 |
20231102005551.0 |
| 010 |
|
|
|a 9785819905579
|
| 010 |
|
|
|a 978-5-16-006898-5
|
| 035 |
|
|
|a (RuTPU)RU\TPU\book\373892
|
| 035 |
|
|
|a RU\TPU\book\290991
|
| 090 |
|
|
|a 343503
|
| 100 |
|
|
|a 20140822d2019 m y0rusy50 ca
|
| 101 |
0 |
|
|a rus
|
| 102 |
|
|
|a RU
|
| 105 |
|
|
|a y j 001zy
|
| 200 |
1 |
|
|a Анализ и диагностика финансово-хозяйственной деятельности предприятия. Практикум
|e учебное пособие
|f О. В. Губина
|
| 205 |
|
|
|a 2-е изд., перераб. и доп.
|
| 210 |
|
|
|a Москва
|c Форум
|c Инфра-М
|d 2019
|
| 215 |
|
|
|a 192 с.
|
| 225 |
1 |
|
|a Высшее образование
|
| 320 |
|
|
|a Библиогр.: с. 168-169
|
| 330 |
|
|
|a В соответствии с программой курса "Анализ и диагностика финансово-хозяйственной деятельности предприятия" на основе данных конкретного коммерческого предприятия сформулированы задания для практических занятии. Приведены источники информации, таблицы и алгоритмы по проведению расчетов. Кроме того, также по темам представлены вопросы, тесты, задачи и ситуации на условных примерах для использования как на практических занятиях, так и в основном для самоподготовки и ее контроля.
|
| 606 |
1 |
|
|a Анализ хозяйственной деятельности
|2 stltpush
|3 (RuTPU)RU\TPU\subj\35844
|9 57416
|
| 610 |
1 |
|
|a экономика
|
| 610 |
1 |
|
|a финансово-хозяйственная деятельность
|
| 610 |
1 |
|
|a предприятия
|
| 610 |
1 |
|
|a производственные результаты
|
| 610 |
1 |
|
|a финансовый анализ
|
| 610 |
1 |
|
|a факторный анализ
|
| 610 |
1 |
|
|a товарные ресурсы
|
| 610 |
1 |
|
|a товарооборот
|
| 610 |
1 |
|
|a техническое развитие
|
| 610 |
1 |
|
|a трудовые ресурсы
|
| 610 |
1 |
|
|a издержки
|
| 610 |
1 |
|
|a финансовое состояние
|
| 610 |
1 |
|
|a учебные пособия
|
| 610 |
1 |
|
|a практикумы
|
| 686 |
|
|
|a У053я73
|v LBC/SL-A
|2 rubbk
|
| 700 |
|
1 |
|a Губина
|b О. В.
|g Оксана Витальевна
|
| 801 |
|
1 |
|a RU
|b 63413507
|c 20191008
|
| 801 |
|
2 |
|a RU
|b 63413507
|c 20191114
|g RCR
|
| 942 |
|
|
|c BK
|
| 959 |
|
|
|a 13/20191008
|d 1
|e 630,87
|f ЧЗТЛ:1
|